BIBLIOTECA PODER JUDICIAL
Portal Judicial TDF

Derecho administrativo / (Registro nro. 298)

000 -LEADER
fixed length control field 03475nam a22003137a 4500
003 - CONTROL NUMBER IDENTIFIER
control field OSt
005 - DATE AND TIME OF LATEST TRANSACTION
control field 20181124070635.0
008 - FIXED-LENGTH DATA ELEMENTS--GENERAL INFORMATION
fixed length control field 180305b xxu||||| |||| 00| 0 spa d
040 ## - CATALOGING SOURCE
Transcribing agency PJ
100 ## - MAIN ENTRY--PERSONAL NAME
9 (RLIN) 55
Personal name Diez, Manuel María
245 10 - TITLE STATEMENT
Title Derecho administrativo /
Statement of responsibility, etc Manuel María Diez.
250 ## - EDITION STATEMENT
Edition statement 2a. ed.
260 ## - PUBLICATION, DISTRIBUTION, ETC. (IMPRINT)
Place of publication, distribution, etc Buenos Aires :
Name of publisher, distributor, etc Plus Ultra,
300 ## - PHYSICAL DESCRIPTION
Extent 6 v.
500 ## - GENERAL NOTE
General note La Biblioteca posee v.1, v.2, v.3 y v.6.
504 ## - BIBLIOGRAPHY, ETC. NOTE
Bibliography, etc Incluye bibliografía.<br/>
505 ## - FORMATTED CONTENTS NOTE
Formatted contents note Contenido:<br/><br/>v. 1: El estado -- Las funciones del estado -- La administración pública -- El derecho administrativo y la ciencia de la administración -- Relaciones del derecho administrativo -- Fuentes del derecho administrativo -- La codificación del derecho administrativo -- Del método del derecho administrativo.<br/><br/>v. 2: Organización administrativa -- Los sujetos en el derecho administrativo -- Organización administrativa Argentina -- De los hechos -- Los actos administrativos -- Clasificación de los actos administrativos -- De la formación de los actos administrativos -- De los elementos del acto administrativo -- Los caracteres del acto administrativo -- Nulidad de los actos administrativos -- los vicios de los actos administrativos -- Del saneamiento y de la convención de los actos administrativos -- De la extinción de los actos administrativos -- La interpretación de los actos administrativos -- El acto e gobierno del órgano ejecutivo.<br/><br/>v. 3: Contratos administrativos -- Formación de los contratos administrativos -- Los vicios en el procedimiento de licitación -- Ejecución de los contratos administrativos -- Contrato de obra pública -- Concesión de obra pública -- Contrato de suministros -- Otros contratos del estado -- De los servicios públicos -- Del usuario del servicio publico -- De la creación, organización, modificación y supresión de los servicios públicos -- Sistemas de prestación de servicios públicos -- Concesión de servicios públicos -- El deber publico de prestación de los administrados -- Contrato de función publica civil del funcionario público -- Del ingreso de la función publica -- De los deberes de los funcionarios públicos -- Del régimen disciplinario de los funcionarios públicos -- Derechos de los funcionarios públicos -- Extinción de la relación funcional -- De las funciones de hecho -- De la función publica militar.<br/><br/>v. 6: Control judicial de la administración. El proceso administrativo -- De las partes en el proceso administrativo --Del tribunal en el proceso administrativo. Su jurisdicción y competencia -- De la pretensión procesal administrativa de las partes -- El proceso administrativo. Su iniciación, desarrollo y terminación -- De la sentencia -- Del proceso de lesividad -- Control judicial de la administración en el ámbito nacional -- Control judicial de la administración en el ámbito provincial -- Control judicial de la administración en el ámbito municipal -- Legislación extranjera.
650 #0 - SUBJECT ADDED ENTRY--TOPICAL TERM
Topical term or geographic name as entry element DERECHO ADMINISTRATIVO
9 (RLIN) 211
650 #0 - SUBJECT ADDED ENTRY--TOPICAL TERM
Topical term or geographic name as entry element ADMINISTRACION PUBLICA
9 (RLIN) 877
650 #0 - SUBJECT ADDED ENTRY--TOPICAL TERM
Topical term or geographic name as entry element CONTRATOS ADMINISTRATIVOS
9 (RLIN) 1170
650 #0 - SUBJECT ADDED ENTRY--TOPICAL TERM
Topical term or geographic name as entry element OBRAS PUBLICAS
9 (RLIN) 1593
650 #0 - SUBJECT ADDED ENTRY--TOPICAL TERM
Topical term or geographic name as entry element CONTRATO DE OBRA PUBLICA
9 (RLIN) 1592
650 #0 - SUBJECT ADDED ENTRY--TOPICAL TERM
Topical term or geographic name as entry element LICITACION PÚBLICA
9 (RLIN) 2988
650 #0 - SUBJECT ADDED ENTRY--TOPICAL TERM
Topical term or geographic name as entry element SERVICIO PUBLICO
9 (RLIN) 932
650 #0 - SUBJECT ADDED ENTRY--TOPICAL TERM
Topical term or geographic name as entry element PROCEDIMIENTO ADMINISTRATIVO
9 (RLIN) 1135
650 #0 - SUBJECT ADDED ENTRY--TOPICAL TERM
Topical term or geographic name as entry element REGIMEN DISCIPLINARIO ADMINISTRATIVO
9 (RLIN) 2018
650 #0 - SUBJECT ADDED ENTRY--TOPICAL TERM
Topical term or geographic name as entry element FUNCIONARIOS PUBLICOS
9 (RLIN) 1496
942 ## - ADDED ENTRY ELEMENTS (KOHA)
Source of classification or shelving scheme
Koha item type Libros
Existencias
Withdrawn status Lost status Source of classification or shelving scheme Damaged status Not for loan Permanent Location Current Location Date acquired Serial Enumeration / chronology Full call number Barcode Date last seen Price effective from Koha item type Total Checkouts Total Renewals Checked out Date checked out
          Biblioteca Poder Judicial Sur Biblioteca Poder Judicial Sur 2018-04-23 V. 1 342.9 DIE 1533 2018-04-23 2018-04-23 Libros        
          Biblioteca Poder Judicial Sur Biblioteca Poder Judicial Sur 2018-04-23 V. 2 342.9 DIE 1534 2018-11-13 2018-04-23 Libros        
          Biblioteca Poder Judicial Sur Biblioteca Poder Judicial Sur 2018-04-23 V. 3 342.9 DIE 3387 2026-02-20 2018-04-23 Libros 4 3 2026-02-27 2026-02-20
          Biblioteca Poder Judicial Sur Biblioteca Poder Judicial Sur 2018-04-23 V. 6 342.9 DIE 3771 2018-11-13 2018-04-23 Libros        

12 de Octubre 789 Ushuaia - Tel:  54(02901)441571
Horario de Atención: 8.00 a 17.00 hs. 
bibliotecaush@justierradelfuego.gov.ar
koha@justierradelfuego.gov.ar
Seguinos en nuestras redes @bibliojustdf 

Con tecnología Koha